Il Canaro : Magliana 1988: storia di una vendetta /
Salvato in:
| Autore principale: | |
|---|---|
| Natura: | Libro |
| Lingua: | italiano |
| Pubblicazione: |
Roma :
Red Star Press,
2018
|
| Serie: | Tutte le strade ;
33 |
| Tags: |
Nessun Tag, puoi essere il primo ad aggiungerne!!
|
MARC
| LEADER | 00000nam a22000007i 4500 | ||
|---|---|---|---|
| 001 | IT\ICCU\PCM\0002243 | ||
| 003 | ItRI | ||
| 005 | 20251125181831.0 | ||
| 008 | 180724s2018 it |||||| ||||| |||||c | ||
| 020 | |a 9788867180042 | ||
| 040 | |b ita |c Arcigay Viterbo | ||
| 041 | 7 | |a ita |2 ISO-639-2 | |
| 100 | 1 | |a Moretti, Luca, |d (1977- ) |0 IT\ICCU\CFIV\243862 |4 aut | |
| 240 | 1 | 3 | |a Il Canaro |9 Moretti, Luca <1977- > |
| 245 | 1 | 3 | |a Il Canaro : |b Magliana 1988: storia di una vendetta / |c Luca Moretti. |
| 260 | |a Roma : |b Red Star Press, |c 2018 | ||
| 300 | |a 123 p. ; |c 22 cm | ||
| 830 | 0 | |a Tutte le strade ; |v 33 |0 IT\ICCU\LO1\1467170 | |
| 942 | |2 ddc |c BK |n 0 | ||
| 952 | |0 0 |1 0 |2 ddc |4 0 |6 364_900000000000000_MOR_CAN |7 0 |9 9982 |a VT |b VT |d 2025-11-25 |e Dono di Giovanna Picchi |i B573 |l 0 |o 364.9 MOR CAN |p B573 |r 2025-11-25 18:19:52 |w 2025-11-25 |y BK |z Dono di Giovanna Picchi | ||
| 981 | 1 | |6 z01 |a i |b xxxe | |
| 982 | 1 | |6 z01 |a n | |
| 999 | |c 8325 |d 8325 | ||